| 000 | 02365nam a2200385 4500 | ||
|---|---|---|---|
| 003 | EC-UNACH | ||
| 006 | s||||gr|||| 00| 00 | ||
| 008 | 150116t9999 mx r gr 000 0 spa d | ||
| 020 | _a10121498 | ||
| 040 |
_aEC-UNACH _cEC-UNACH |
||
| 041 | _aspa | ||
| 082 | 0 | 4 |
_223 _a300 _bL017729 |
| 100 | _aCentro Andino de Acción Popular (CAAP) | ||
| 245 | _aEcuador Debate N°75. Innovaciones y Retos Constitucionales | ||
| 250 | _aPrimera edición | ||
| 260 |
_aQuito - Ecuador _bCAAP _c2008 |
||
| 264 |
_aQuito - Ecuador _bCAAP _c2008 |
||
| 300 |
_a158 páginas _bCuadros, Tablas _c14,5 X 21 cm |
||
| 505 | _aCOYUNTURA.- Diálogo sobre la coyuntura: escenarios políticos y crisis económica mundial. Conflictividad Socio-Política: Julio - Octubre 2008. -- TEMA CENTRAL.- El Buen Vivir, una oportunidad por construir. El estado plurinacional e intercultural en la Constitución ecuatoriana del 2008. Fragmentación territorial y representación política. Criterios para el diseño del sistema electoral en el contexto de la Nueva Constitución. Paradojas políticas e institucionales del constitucionalismo. Cambiar la letra, cambiar el mundo. Descentralización y autonomías en la constitución de la Asamblea Constituyente de 2008. -- DEBATE AGRARIO.- Juncal de Cañar: la progresiva transformación territorial de una parroquia de la Sierra ecuatoriana. -- ANÁLISIS.- De cómo viven y piensan la libertad de expresión y de prensa los periodistas ecuatorianos. ¿Renovación o Continuismo? Actitudes, valores y trayectorias de la clase política ecuatoriana. -- RESEÑAS.- Política, participación y ciudadanía en los procesos de independencia en la América Andina. Ojo al aviso. Una panorámica de la gráfica, el diseño, el arte y la comunicación visual popular. Estudios sobre sexualidades en América Latina. | ||
| 650 | _aEL BUEN VIVIR | ||
| 650 | _aFRAGMENTACIÓN TERRITORIAL | ||
| 650 | _aLIBERTAD DE EXPRESIÓN | ||
| 650 | _aPERIODISTAS ECUATORIANOS | ||
| 650 | _aPROCESOS DE INDEPENDENCIA | ||
| 700 | _aAcosta, Alberto | ||
| 700 | _aGrijalva, Agustin | ||
| 700 | _aOrtiz Ortiz, Richard | ||
| 700 | _aRebaï, Nasser | ||
| 942 |
_2ddc _c1 |
||
| 999 | _c13507 | ||